People Mentioned in MBDTF - Sudden Death - Statistics

General Stats
  • This quiz has been taken 41 times
  • The average score is 4 of 20
Answers on the Grid
Answers color-coded by a green-red scale on the quiz's grid according to % correct below.
P Diddy
Michael Jackson
Rosa Parks
Julius Caesar
Atticus Finch
Twista
Marilyn Monroe
Donda West
Taylor Swift
Ichabod Crane
Arnold Schwarzenegger
Amber Rose
W.E.B. Du Bois
Donald Trump
Alec Baldwin
Nas
Tiger Woods
Jay-Z
Steve Urkel
Willy Wonka
Barack Obama
Jesus
Colin Powell
Muhammad Ali
Mr. Clean
Tony Montana
LeBron James
Monica Lewinsky
Sasquatch
Michael Jordan
Paul Revere
Rihanna
George W. Bush
Saint Paul
John Lennon
Allah
Bill Cosby
O.J. Simpson
Ernest Hemingway
Batman
 
Answer Stats
Answer % Correct
All of the Lights Michael Jackson
65%
Power Barack Obama
29%
So Appalled Donald Trump
29%
So Appalled Rosa Parks
29%
Gorgeous Alec Baldwin
24%
Blame Game Twista
24%
Runaway Ichabod Crane
18%
Devil in a New Dress Jesus
18%
Dark Fantasy Nas
18%
So Appalled Tiger Woods
18%
So Appalled Allah
12%
Power Colin Powell
12%
Gorgeous Muhammad Ali
12%
Dark Fantasy Steve Urkel
12%
Monster Willy Wonka
12%
Monster Amber Rose
6%
Devil in a New Dress LeBron James
6%
Who Will Survive in America Paul Revere
6%
Monster Sasquatch
6%
Devil in a New Dress Tony Montana
6%
No matching quizzes found
Score Distribution
Percent of People with Each Score
Percentile by Number Answered
Your Score History
You have not taken this quiz